[Event "4th Stage Russian Cup"]
[Site "Samara RUS"]
[Date "2002.07.27"]
[Round "2"]
[White "Kuporosov,V"]
[Black "Kniazev,A"]
[Result "1-0"]
[WhiteElo "2486"]
[BlackElo "2286"]
[EventDate "2002.07.26"]

1. d4 Nf6 2. Nf3 e6 3. c4 Bb4+ 4. Bd2 Qe7 5. Nc3 Bxc3 6. Bxc3 Ne4 7. Rc1
O-O 8. g3 d6 9. Bg2 Nxc3 10. Rxc3 a5 11. O-O Nc6 12. d5 Nb4 13. a3 Na6 14.
Nd2 e5 15. b3 Bd7 16. Qb1 Nc5 17. b4 axb4 18. axb4 Na4 19. Ra3 h6 20. Qc2
Rfb8 21. Rfa1 Qe8 22. c5 b5 23. Nb3 Qe7 24. c6 Bg4 25. e4 Rb6 26. f3 Bc8
27. Bf1 Ba6 28. Nd2 Rab8 29. Nb1 Qg5 30. Qd2 Qg6 31. Bd3 h5 32. Nc3 h4 33.
Kg2 Qf6 34. Nxa4 bxa4 35. Bxa6 Rxa6 36. Rxa4 Rab6 37. Ra8 h3+ 38. Kf2 g5
39. g4 Kg7 40. Rxb8 Rxb8 41. Ra7 Rxb4 42. Qxb4 Qf4 43. Ra1 Qxh2+ 44. Ke3
Qf4+ 45. Ke2 Qh2+ 46. Kd3 Qf2 47. Qe1 Qd4+ 48. Kc2 Qc5+ 49. Qc3 Qf2+ 50.
Qd2 Qc5+ 51. Kb2 Qb6+ 52. Ka2 Qa6+ 53. Kb2 Qb6+ 54. Kc2 Qc5+ 55. Qc3 Qf2+
56. Kb3 Qb6+ 57. Ka2 Qa6+ 58. Kb2 Qe2+ 59. Ka3 Qa6+ 60. Kb4 Qb6+ 61. Kc4
Qc5+ 62. Kd3 Qf2 63. Qe1 Qd4+ 64. Kc2 Qc4+ 65. Kb2 Qb5+ 66. Ka3 Qa6+ 67.
Kb4 Qb6+ 68. Ka4 Qa6+ 69. Kb3 Qb5+ 70. Qb4 Qd3+ 71. Qc3 Qb5+ 72. Kc2 Qe2+
73. Kb3 Qb5+ 74. Ka2 Qa6+ 75. Kb3 Qb5+ 76. Ka3 Qa6+ 77. Kb4 Qb6+ 78. Ka4
Qa6+ 79. Kb4 Qb6+ 80. Kc4 Qc5+ 81. Kd3 Qf2 82. Qc1 Kf6 83. Qe3 Qb2 84. Rd1
h2 85. Qd2 Qd4+ 86. Ke2 Qg1 87. Qe1 Qc5 88. Qh1 Qc4+ 89. Kf2 Qc2+ 90. Kg3
Qe2 91. Rf1 Kg7 92. Rf2 Qe3 93. Qxh2 Qe1 94. Kg2 Qe3 95. Qg1 Qb3 96. Qc1
Kg6 97. Qb2 Qa4 98. Qb8 Qa5 99. Qg8+ Kf6 100. Qh8+ Kg6 101. Qh5+ 1-0

[Event "4th Stage Russian Cup"]
[Site "Samara RUS"]
[Date "2002.07.27"]
[Round "2"]
[White "Shkliar,S"]
[Black "Akhmetov,A"]
[Result "0-1"]
[WhiteElo "2211"]
[BlackElo "2482"]
[EventDate "2002.07.26"]

1. d4 d5 2. c4 e6 3. Nc3 Nf6 4. cxd5 exd5 5. Bg5 c6 6. e3 Nbd7 7. Bd3 Be7
8. Nge2 O-O 9. O-O Re8 10. f3 c5 11. Bh4 b6 12. Bf2 Bb7 13. Rc1 a6 14. Bb1
Nf8 15. Qd3 Rc8 16. Rfd1 Qd7 17. a3 Rcd8 18. Ba2 c4 19. Qd2 b5 20. Bb1 a5
21. Ng3 g6 22. e4 dxe4 23. fxe4 Ng4 24. Be1 Ne6 25. d5 Bg5 26. dxe6 Qxd2
27. exf7+ Kxf7 28. Bxd2 Bxd2 29. Rf1+ Kg7 30. Rc2 Ne3 31. Nxb5 Nxc2 32.
Bxc2 Be3+ 33. Kh1 Rd2 34. Bb1 Rxb2 35. Nd6 Rf8 36. Rd1 Rd8 0-1

[Event "4th Stage Russian Cup"]
[Site "Samara RUS"]
[Date "2002.07.27"]
[Round "2"]
[White "Grebionkin,Vl"]
[Black "Kim,Se"]
[Result "1/2-1/2"]
[WhiteElo "2475"]
[BlackElo "2268"]
[EventDate "2002.07.26"]

1. Nf3 Nf6 2. c4 g6 3. Nc3 Bg7 4. e4 O-O 5. d4 d6 6. Be2 e5 7. O-O Nc6 8.
d5 Ne7 9. b4 a5 10. Ba3 Nd7 11. bxa5 Rxa5 12. Bb4 Ra6 13. a4 Bh6 14. a5 f5
15. Nd2 c5 16. dxc6 Rxc6 17. Bf3 Ra6 18. Nb3 Nf6 19. exf5 gxf5 20. Nb5 e4
21. Be2 Bf4 22. Bc3 Ng6 23. c5 d5 24. Nd6 Bxd6 25. Bxf6 Qxf6 26. Bxa6 Be5
27. Bb5 Nh4 28. Qh5 Kh8 29. Rad1 Rg8 30. g3 f4 31. Be2 Be6 32. Kh1 f3 33.
Bb5 Ng2 34. Bd7 Bxd7 35. Rxd5 Bf5 36. Nd4 Bxd4 37. Qxf5 Qxf5 38. Rxf5 e3
39. Rxf3 e2 40. Kxg2 exf1=Q+ 41. Kxf1 Bxc5 42. Rf5 Rc8 43. Rf7 Rf8 44. Rc7
Bxf2 45. Kg2 Be1 46. Rxb7 Bxa5 1/2-1/2

[Event "4th Stage Russian Cup"]
[Site "Samara RUS"]
[Date "2002.07.27"]
[Round "2"]
[White "Pavlov,De"]
[Black "Shestoperov,A"]
[Result "0-1"]
[WhiteElo "2263"]
[BlackElo "2458"]
[EventDate "2002.07.26"]

1. d4 Nf6 2. c4 e6 3. Nc3 Bb4 4. e3 c5 5. Nge2 b6 6. a3 Ba5 7. d5 Bb7 8.
Rb1 Na6 9. Bd2 O-O 10. e4 exd5 11. cxd5 Re8 12. f3 c4 13. Kf2 Nc5 14. Ng3
b5 15. Be3 Bb6 16. Nf5 d6 17. b4 Nfxe4+ 18. fxe4 Nxe4+ 19. Nxe4 Rxe4 20. g4
Rxe3 21. Nxe3 Qf6+ 22. Qf3 Bxe3+ 23. Kxe3 Re8+ 24. Kf2 Qd4+ 25. Kg3 Re3 26.
Bg2 Bxd5 27. Rbe1 Qe5+ 0-1

[Event "4th Stage Russian Cup"]
[Site "Samara RUS"]
[Date "2002.07.27"]
[Round "2"]
[White "Kosintseva,T"]
[Black "Shkliar,A"]
[Result "1/2-1/2"]
[WhiteElo "2441"]
[BlackElo "2249"]
[EventDate "2002.07.26"]

1. e4 e6 2. d4 d5 3. Nd2 Nf6 4. Bd3 c5 5. c3 Nc6 6. Ngf3 Be7 7. O-O dxe4 8.
Nxe4 cxd4 9. cxd4 O-O 10. Be3 Nb4 11. Nxf6+ Bxf6 12. Be4 Nd5 13. Qd3 h6 14.
Ne5 b6 15. Bd2 Bb7 16. Rac1 Bxe5 17. dxe5 Ne7 18. Qxd8 Raxd8 19. Bb4 Rd7
20. Bc2 Rc8 21. Bb3 Rxc1 22. Rxc1 Nd5 23. Bd2 Ne7 24. Bc3 Nd5 25. Rd1 Rc7
26. Bd2 Kf8 27. f4 Ke7 28. Kf2 Ba6 29. a3 Bc4 30. Bc2 Bb5 31. Be4 Ba4 32.
Re1 Bc2 33. Bf3 Bd3 34. Rc1 Rxc1 35. Bxc1 Kd7 36. g4 Kc6 37. Bd2 Kc5 38. h4
Kd4 39. h5 Be4 40. Be2 Bd3 41. Bd1 Be4 42. Ba4 Bh7 43. Be8 Kd3 44. Bb4 Nxb4
45. axb4 Ke4 46. Kg3 Bg8 47. b5 f6 48. Bg6+ Kd4 49. exf6 gxf6 50. g5 fxg5
51. fxg5 hxg5 52. Kg4 e5 53. Kxg5 e4 54. Kf4 e3 55. Kf3 Bd5+ 56. Ke2 Bc4+
57. Kf3 e2 58. Kf2 Ke5 59. h6 Kf6 60. Be8 Bd3 61. Bh5 Bxb5 62. Bxe2 Bxe2
63. Kxe2 Kg6 64. Kd3 Kxh6 65. Kc4 Kg6 66. Kb5 Kf5 67. Ka6 Ke5 68. Kxa7 Kd5
69. Kxb6 Kc4 70. Ka5 Kb3 1/2-1/2

[Event "4th Stage Russian Cup"]
[Site "Samara RUS"]
[Date "2002.07.27"]
[Round "2"]
[White "Yandemirov,V"]
[Black "Nagimov,A"]
[Result "1-0"]
[WhiteElo "2502"]
[BlackElo "2154"]
[EventDate "2002.07.26"]

1. e4 c5 2. Nf3 d6 3. d4 cxd4 4. Qxd4 Nc6 5. Bb5 Bd7 6. Bxc6 Bxc6 7. Nc3
Nf6 8. Bg5 e6 9. O-O-O Be7 10. Rhe1 O-O 11. Qd2 Qc7 12. Nd4 Rfd8 13. f3 a6
14. g4 b5 15. Nce2 Be8 16. Ng3 Qc4 17. Kb1 Ra7 18. Rg1 a5 19. Nh5 Nxh5 20.
Bxe7 Rxe7 21. gxh5 f6 22. h6 g6 23. Qxa5 Rc8 24. Qd2 d5 25. Qf4 Rf7 26. e5
f5 27. Qe3 Qc5 28. h4 Ra7 29. h5 Rca8 30. a3 b4 31. Nxf5 Qxe3 32. Nxe3 bxa3
33. b3 Kh8 34. hxg6 Bxg6 35. Ka2 Rf7 36. Rg3 Bh5 37. Rh1 Rxf3 38. Rxf3 Bxf3
39. Rf1 Be4 40. c3 Kg8 41. Rg1+ Bg6 42. Nc2 Kf7 43. Nd4 Ke7 44. Rf1 Rc8 45.
Rf3 Be4 46. Rg3 Bg6 47. Kxa3 Kd7 48. Rf3 Bh5 49. Rg3 Bg6 50. Kb2 Rf8 51.
Rf3 Rb8 52. Rf6 Rb6 53. Rf1 Rb8 54. Ra1 Rb7 55. Ra6 Bf5 56. b4 Bh3 57. Ra8
Bf5 58. Rg8 Kc7 59. Rg7+ Kb6 60. Rxb7+ Kxb7 61. Nxf5 exf5 62. Kc2 1-0

[Event "4th Stage Russian Cup"]
[Site "Samara RUS"]
[Date "2002.07.27"]
[Round "2"]
[White "Zhumabaev,R"]
[Black "Kokarev,D"]
[Result "1/2-1/2"]
[WhiteElo "2234"]
[BlackElo "2495"]
[EventDate "2002.07.26"]

1. e4 c5 2. Nf3 d6 3. Nc3 a6 4. g3 Nc6 5. Bg2 g6 6. d4 cxd4 7. Nxd4 Bg7 8.
Be3 Ne5 9. O-O Nc4 10. Bc1 Qb6 11. Nb3 Be6 12. Nd5 Bxd5 13. Qxd5 Rc8 14. e5
Bxe5 15. Qxb7 Rb8 16. Qxb6 Rxb6 17. Bd5 Nxb2 18. Be3 Rb8 19. Na5 Nf6 20.
Bc6+ Kf8 21. Ba7 Rc8 22. Bb7 Rxc2 23. Rac1 Rxc1 24. Rxc1 Nd3 25. Rc8+ Kg7
26. Rxh8 Kxh8 27. Bxa6 Nb4 28. Bc4 d5 29. Bb3 e6 30. a3 Na6 31. Nc6 Bc3 32.
a4 Nd7 33. a5 Nb4 34. Nxb4 Bxb4 1/2-1/2

[Event "4th Stage Russian Cup"]
[Site "Samara RUS"]
[Date "2002.07.27"]
[Round "2"]
[White "Snatenkov,V"]
[Black "Bocharov,D"]
[Result "0-1"]
[WhiteElo "2225"]
[BlackElo "2475"]
[EventDate "2002.07.26"]

1. d4 Nf6 2. c4 e6 3. Nc3 Bb4 4. e3 c5 5. Nge2 cxd4 6. exd4 d5 7. a3 Bxc3+
8. Nxc3 Nc6 9. c5 O-O 10. Bg5 h6 11. Bh4 e5 12. dxe5 Nxe5 13. Be2 d4 14.
Bxf6 gxf6 15. Ne4 d3 16. f4 Bf5 17. Ng3 Bg6 18. fxe5 dxe2 19. Qxe2 Qd4 20.
Qf2 Qxe5+ 21. Kf1 Rfe8 22. h4 Rad8 23. Rh3 Rd4 24. Kg1 Rf4 25. Qd2 Qxc5+
26. Kh2 Qd4 27. Rd1 Qxd2 28. Rxd2 h5 29. Rd7 b6 30. Rxa7 Rf2 31. b4 Re1 32.
Rb7 Ra1 33. Rb8+ Kg7 34. Nh1 Rff1 35. Ng3 Rfe1 36. Rxb6 f5 37. a4 f4 38. a5
Reb1 39. Rb5 fxg3+ 40. Kxg3 Ra4 0-1

[Event "4th Stage Russian Cup"]
[Site "Samara RUS"]
[Date "2002.07.27"]
[Round "2"]
[White "Iljin,A"]
[Black "Guseva,O"]
[Result "0-1"]
[WhiteElo "2450"]
[BlackElo "2227"]
[EventDate "2002.07.26"]

1. Nf3 c5 2. c4 Nc6 3. Nc3 e5 4. g3 g6 5. Bg2 Bg7 6. O-O Nge7 7. a3 O-O 8.
Rb1 a5 9. Ne1 d6 10. Nc2 Be6 11. d3 d5 12. cxd5 Nxd5 13. Ne3 Nce7 14. Nc4
Rb8 15. Bg5 f6 16. Bd2 b6 17. Qc2 Qd7 18. Rfc1 Rfd8 19. Be1 Nc6 20. Nxd5
Bxd5 21. Bxd5+ Qxd5 22. b4 Nd4 23. Qd1 cxb4 24. axb4 a4 25. b5 Nb3 26. Rc3
Qxb5 27. Nd2 Rdc8 28. Rxc8+ Rxc8 29. Nxb3 axb3 30. Rxb3 Qa4 31. Bd2 b5 32.
Qb1 Rb8 33. Rb4 Qa6 34. Qb3+ Kh8 35. Rc4 Qe6 36. Qb2 Bf8 37. Re4 Bc5 38.
Bf4 Qb6 39. Bxe5 Bxf2+ 40. Kf1 fxe5 41. Qxe5+ Kg8 42. Qd5+ Kh8 43. Qe5+ Kg8
44. Rf4 Bc5 45. d4 Bf8 46. Rf6 Qd8 47. d5 Rb6 48. Rf3 Bg7 0-1

[Event "4th Stage Russian Cup"]
[Site "Samara RUS"]
[Date "2002.07.27"]
[Round "2"]
[White "Sidorov,A"]
[Black "Shestoperova,A"]
[Result "1-0"]
[WhiteElo "2384"]
[BlackElo "2201"]
[EventDate "2002.07.26"]

1. d4 e6 2. Nf3 f5 3. d5 Be7 4. Nc3 Nf6 5. dxe6 dxe6 6. Qxd8+ Bxd8 7. e4 c6
8. a3 Nbd7 9. Bc4 Nb6 10. Ba2 Nxe4 11. Nxe4 fxe4 12. Ng5 Bxg5 13. Bxg5 Nd5
14. Rd1 h6 15. Bc1 O-O 16. O-O b5 17. Rfe1 a5 18. c4 bxc4 19. Bxc4 Bd7 20.
Rxe4 Kh8 21. Be3 Rf7 22. Bc5 Rb8 23. Rd2 Ra8 24. Bd6 Bc8 25. h3 Bd7 26. Rc2
Bc8 27. Be2 Nf6 28. Rh4 Bd7 29. Rc5 Kg8 30. Ra4 Ne8 31. Be5 Nf6 32. Bf3 Nd5
33. Rcxa5 Rxa5 34. Rxa5 Rf5 35. Bd6 Nf6 36. Ra7 Rb5 37. b4 Be8 38. Rc7 Rb6
39. Be2 Ne4 40. Be5 g6 41. Bd3 Ng5 42. h4 Nf7 43. Bd4 Rb8 44. Bxg6 Rd8 45.
Be3 1-0

[Event "4th Stage Russian Cup"]
[Site "Samara RUS"]
[Date "2002.07.27"]
[Round "2"]
[White "Kiselev,Ar"]
[Black "Min,V"]
[Result "1-0"]
[WhiteElo "2195"]
[BlackElo "2383"]
[EventDate "2002.07.26"]

1. c4 g6 2. Nf3 Bg7 3. g3 e5 4. d3 Nc6 5. Bg2 d6 6. Nc3 h6 7. Rb1 f5 8. O-O
Nf6 9. b4 O-O 10. a4 g5 11. Nd2 Ne7 12. b5 Ng6 13. Ba3 Rf7 14. Qb3 Bf8 15.
Nd5 Kg7 16. e3 Rb8 17. f4 Be6 18. Nxf6 Rxf6 19. Bb2 Kh7 20. fxe5 dxe5 21.
Nf3 Bd6 22. d4 exd4 23. Bxd4 Rf7 24. Bxa7 Ra8 25. Nd4 Rxa7 26. Nxe6 Qe8 27.
c5 Be5 28. Be4 f4 29. exf4 1-0

[Event "4th Stage Russian Cup"]
[Site "Samara RUS"]
[Date "2002.07.27"]
[Round "2"]
[White "Luchkin,A"]
[Black "Kurenkov,N"]
[Result "0-1"]
[WhiteElo "2191"]
[BlackElo "2381"]
[EventDate "2002.07.26"]

1. e4 c5 2. Nf3 d6 3. d3 Nc6 4. g3 e5 5. Bg2 Nf6 6. O-O Be7 7. Nbd2 O-O 8.
Re1 Be6 9. Ng5 Bg4 10. f3 Bd7 11. Nf1 h6 12. Nh3 d5 13. Nf2 Be6 14. f4 dxe4
15. dxe4 Qxd1 16. Rxd1 Nd4 17. Rd2 Rad8 18. f5 Bc4 19. b3 Ne2+ 20. Kh1 Nxc1
21. Rxd8 Rxd8 22. Rxc1 Bxf1 23. Bxf1 Rd2 24. Nd3 Ng4 25. h3 Nf6 26. Bg2 Nh5
27. Kh2 Bg5 28. h4 Be3 29. Re1 Bd4 30. Rc1 b5 31. a4 bxa4 32. bxa4 c4 33.
Nb4 Bf2 34. g4 Nf4 0-1

[Event "4th Stage Russian Cup"]
[Site "Samara RUS"]
[Date "2002.07.27"]
[Round "2"]
[White "Yashtylov,A"]
[Black "Chernozemov,A"]
[Result "1-0"]
[WhiteElo "2381"]
[BlackElo "2186"]
[EventDate "2002.07.26"]

1. d4 d5 2. c4 c6 3. e3 Nf6 4. Nc3 e6 5. a3 Nbd7 6. Bd3 Bd6 7. c5 Bc7 8. f4
Rb8 9. Qc2 Nh5 10. Nf3 f5 11. g4 fxg4 12. Ng5 Nf8 13. h3 g3 14. h4 Qf6 15.
Bd2 Bd7 16. O-O-O Kd8 17. Rhf1 Be8 18. Kb1 g6 19. e4 Qxd4 20. Nxd5 cxd5 21.
Bc3 Qxc5 22. Bf6+ Nxf6 23. Qxc5 h6 24. Qc3 e5 25. fxe5 Ng4 26. Rxf8 Rxf8
27. Ne6+ Ke7 28. Qxc7+ 1-0

[Event "4th Stage Russian Cup"]
[Site "Samara RUS"]
[Date "2002.07.27"]
[Round "2"]
[White "Melkozerov,D"]
[Black "Razuvajeva,J"]
[Result "1-0"]
[WhiteElo "2364"]
[BlackElo "2182"]
[EventDate "2002.07.26"]

1. Nf3 d5 2. d4 c6 3. c4 e6 4. Qc2 dxc4 5. Qxc4 b5 6. Qb3 Bb7 7. e4 a6 8.
a4 Nd7 9. e5 Qa5+ 10. Bd2 b4 11. Na3 Qd5 12. Nc4 Qe4+ 13. Be3 c5 14. Rd1
Nh6 15. h3 a5 16. Ncd2 Bd5 17. Bc4 Bxc4 18. Qxc4 Qd5 19. Qxd5 exd5 20. dxc5
Bxc5 21. Bxh6 gxh6 22. Nb3 Be7 23. Rxd5 Nb6 24. Rxa5 O-O 25. Rxa8 Rxa8 26.
a5 Nc4 27. O-O Nxb2 28. Nfd4 Nd3 29. Nc6 Bf8 30. Rd1 Nf4 31. Rd8 Ra6 32.
Nxb4 Ra7 33. Nc6 1-0

[Event "4th Stage Russian Cup"]
[Site "Samara RUS"]
[Date "2002.07.27"]
[Round "2"]
[White "Petrov,Il"]
[Black "Gazizov,R"]
[Result "0-1"]
[WhiteElo "2161"]
[BlackElo "2358"]
[EventDate "2002.07.26"]

1. e4 c5 2. Nf3 g6 3. d4 cxd4 4. Nxd4 Bg7 5. Be3 Nc6 6. Nc3 Nf6 7. Be2 O-O
8. O-O d6 9. h3 Bd7 10. Nb3 Rc8 11. f4 a6 12. Kh1 Na5 13. Nxa5 Qxa5 14. Bf3
Bc6 15. Qd2 Qc7 16. Bd4 b5 17. a3 Rfd8 18. Qf2 Nd7 19. Bxg7 Kxg7 20. Bg4
Rb8 21. Bxd7 Qxd7 22. Rad1 Kg8 23. f5 gxf5 24. exf5 Kh8 25. Nd5 Bxd5 26.
Qd4+ f6 27. Qxd5 Rbc8 28. c3 Qc6 29. Qxc6 Rxc6 30. Rfe1 Rd7 31. Rd4 Rc5 32.
g4 Kg7 33. Kg2 h5 34. Kf3 hxg4+ 35. Rxg4+ Kf7 36. Kf4 Rdc7 37. Reg1 Re5 38.
Rg7+ Ke8 39. Rg8+ Kd7 40. Ra8 Rc4+ 41. Kg3 Rxf5 42. Rxa6 Rg5+ 43. Kh2 Re5
44. Rg7 Rce4 45. Kg2 Ke6 46. Ra7 Kf5 47. Rb7 Re2+ 48. Kg3 e6 49. Rg4 Rxb2
50. Rh7 Re3+ 51. Kh4 Ke5 52. Rg3 Rxg3 53. Kxg3 Rb3 54. h4 Rxa3 55. Rc7 b4
56. h5 Kf5 57. h6 bxc3 58. h7 Ra8 59. Rxc3 0-1

[Event "4th Stage Russian Cup"]
[Site "Samara RUS"]
[Date "2002.07.27"]
[Round "2"]
[White "Yandarbiev,R"]
[Black "Kochetkov,Vic"]
[Result "1-0"]
[WhiteElo "2357"]
[BlackElo "2161"]
[EventDate "2002.07.26"]

1. e4 c5 2. Nf3 Qc7 3. Nc3 Nc6 4. d4 cxd4 5. Nxd4 e6 6. g3 d6 7. Bg2 Be7 8.
O-O Bd7 9. Nxc6 Bxc6 10. Qg4 Bf6 11. a4 h5 12. Qe2 Bxc3 13. bxc3 Nf6 14. a5
h4 15. g4 h3 16. Bh1 Rh4 17. f3 Bxe4 18. fxe4 Rxg4+ 19. Kf2 Qc6 20. Rb1
Nxe4+ 21. Bxe4 Rxe4 22. Qb5 O-O-O 23. Qxc6+ bxc6 24. Rg1 g6 25. Rb4 Re5 26.
Rg5 Rxg5 27. Bxg5 Rh8 28. Rh4 Rxh4 29. Bxh4 e5 30. Kg3 Kd7 31. Kxh3 a6 32.
Kg4 Ke6 33. Kg5 d5 34. Bf2 Ke7 35. Bc5+ Ke6 36. h3 e4 37. Bf2 Ke5 38. h4
Ke6 39. Bg3 Ke7 40. Kf4 f6 41. c4 Ke6 42. Bf2 g5+ 43. hxg5 fxg5+ 44. Kxg5
Ke5 45. cxd5 cxd5 46. c3 Ke6 47. Kf4 Kf6 48. Ke3 Ke6 49. Kd4 Kd6 50. Bg3+
Kc6 51. Bf4 Kb5 52. Kxd5 Kxa5 53. c4 Kb6 54. c5+ Kb7 55. c6+ Kc8 56. Kxe4
a5 57. Kd4 1-0

[Event "4th Stage Russian Cup"]
[Site "Samara RUS"]
[Date "2002.07.27"]
[Round "2"]
[White "Shutalev,M"]
[Black "Kraev,A"]
[Result "1/2-1/2"]
[WhiteElo "2140"]
[BlackElo "2330"]
[EventDate "2002.07.26"]

1. b3 d5 2. Bb2 Nf6 3. e3 Bf5 4. Nf3 e6 5. Be2 Be7 6. O-O h6 7. Ne5 Nbd7 8.
f4 Nxe5 9. fxe5 Nd7 10. Bg4 Bg6 11. d3 O-O 12. Nd2 c5 13. a4 Qc7 14. Nf3 c4
15. bxc4 dxc4 16. d4 Nb6 17. c3 h5 18. Bh3 Qc6 19. Re1 Qe4 20. Qe2 Rac8 21.
g3 h4 22. g4 Nd5 23. Rac1 Rc6 24. Qf2 Rb6 25. Nd2 Rxb2 1/2-1/2

[Event "4th Stage Russian Cup"]
[Site "Samara RUS"]
[Date "2002.07.27"]
[Round "2"]
[White "Khairullin,I"]
[Black "Sidorova,E"]
[Result "1-0"]
[WhiteElo "2329"]
[BlackElo "2132"]
[EventDate "2002.07.26"]

1. e4 c5 2. c3 Nf6 3. e5 Nd5 4. d4 cxd4 5. Qxd4 e6 6. Bc4 Nc6 7. Qe4 Nde7
8. Bf4 Ng6 9. Bg3 f6 10. f4 Bc5 11. Nf3 O-O 12. Nbd2 a6 13. Nb3 Ba7 14.
O-O-O Qc7 15. Bd3 f5 16. Qe2 Nb4 17. Nfd4 b5 18. Bb1 Bb7 19. Rhf1 Nd5 20.
Bd3 Nb4 21. Bb1 Rac8 22. a3 Nd5 23. Bc2 Qb6 24. Rd2 Ba8 25. h4 Rc7 26. h5
Nge7 27. Bh2 Rfc8 28. Bg1 Qb8 29. g4 Rf8 30. gxf5 Nxf5 31. Nxf5 exf5 32.
Bxa7 Qxa7 33. Nd4 Ne7 34. Rg1 Bb7 35. Qe1 g6 36. hxg6 hxg6 1-0

[Event "4th Stage Russian Cup"]
[Site "Samara RUS"]
[Date "2002.07.27"]
[Round "2"]
[White "Driamin,D"]
[Black "Jamaletdinov,R"]
[Result "1-0"]
[WhiteElo "2323"]
[BlackElo "2122"]
[EventDate "2002.07.26"]

1. d4 Nf6 2. c4 g6 3. Nc3 d5 4. Nf3 Bg7 5. cxd5 Nxd5 6. e4 Nxc3 7. bxc3 O-O
8. Be3 c5 9. Qd2 cxd4 10. cxd4 Nc6 11. Rc1 Bg4 12. d5 Bxf3 13. gxf3 Ne5 14.
Be2 Qd7 15. f4 Ng4 16. O-O Rfc8 17. Qd3 Nf6 18. Bf3 Qh3 19. Qe2 h5 20. Bg2
Qd7 21. Qf3 Qg4 22. e5 Qxf3 23. Bxf3 Ng4 24. Bc5 Bh6 25. Bxg4 hxg4 26. Bxe7
Rxc1 27. Rxc1 Bxf4 28. Re1 Bd2 29. Rd1 Ba5 30. Kg2 Bd8 31. d6 Kg7 32. Bxd8
Rxd8 33. Kg3 b5 34. Kxg4 Rb8 35. Kf4 a5 36. Ke4 Kf8 37. Kd5 Ke8 38. Kc6
Rc8+ 39. Kxb5 Rc2 40. a4 Rxf2 41. Kxa5 Rxh2 42. Rb1 Re2 43. Rb8+ Kd7 44.
Rb7+ Kc8 45. Re7 g5 46. Kb6 g4 47. Rxf7 Rxe5 48. Kc6 Kd8 49. Rf8+ Re8 50.
Rxe8+ Kxe8 51. Kc7 1-0

[Event "4th Stage Russian Cup"]
[Site "Samara RUS"]
[Date "2002.07.27"]
[Round "2"]
[White "Doluhanova,E"]
[Black "Krassilnikov,E"]
[Result "0-1"]
[WhiteElo "2097"]
[BlackElo "2314"]
[EventDate "2002.07.26"]

1. e4 c5 2. Nf3 d6 3. c3 Nf6 4. Be2 Nc6 5. d3 g6 6. O-O Bg7 7. h3 O-O 8.
Be3 c4 9. Nbd2 cxd3 10. Bxd3 d5 11. Qe2 dxe4 12. Nxe4 Nd5 13. Bd2 e5 14.
Bc4 Na5 15. Bxd5 Qxd5 16. b3 f5 17. Ng3 e4 18. Nh2 Be6 19. Rad1 Qc6 20. c4
Qc7 21. Bxa5 Qxa5 22. Qd2 Bc3 23. Qc2 Be5 24. Rfe1 Rad8 25. Nhf1 Rd3 26.
Rxd3 exd3 27. Qd1 Rd8 28. Nd2 Bf7 29. Ngf1 Bf4 30. a4 Qc3 31. Re7 Re8 32.
Rxe8+ Bxe8 33. Qe1 Bf7 34. g3 Bh6 35. Kh2 Kf8 36. h4 Be8 37. f4 Bc6 38. Qe6
Qd4 39. Qe3 Bg7 40. Qe1 Qc3 41. Ne3 0-1

[Event "4th Stage Russian Cup"]
[Site "Samara RUS"]
[Date "2002.07.27"]
[Round "2"]
[White "Ayupov,D"]
[Black "Kurganov,D"]
[Result "1/2-1/2"]
[WhiteElo "2312"]
[BlackElo "2106"]
[EventDate "2002.07.26"]

1. d4 Nf6 2. c4 g6 3. Nc3 Bg7 4. e4 d6 5. Nf3 O-O 6. Be2 e5 7. Be3 exd4 8.
Nxd4 Re8 9. f3 a5 10. O-O Na6 11. Qd2 Nc5 12. Rad1 Bd7 13. Ndb5 Bxb5 14.
Nxb5 Nfd7 15. Rfe1 Ne6 16. Bf1 Ne5 17. Nd4 Nc6 18. Nxe6 fxe6 19. c5 dxc5
20. Bxc5 Qxd2 21. Rxd2 Red8 22. Red1 Rxd2 23. Rxd2 Rd8 24. Rxd8+ Nxd8 25.
Bc4 Kf7 26. b3 Nc6 27. Kf1 Ne5 28. Be2 Nd7 29. Be3 Bc3 30. f4 Nf6 31. Bf3
e5 32. Ke2 Nd7 33. f5 Bd4 34. Bd2 b6 35. g4 Bg1 36. h4 Nb8 37. g5 Nc6 38.
Bg4 Nb4 39. a3 Nc2 40. b4 a4 41. Bc1 c5 42. Kd3 Ne1+ 43. Kc4 cxb4 44. axb4
Nc2 45. fxg6+ hxg6 46. Bd7 a3 47. Kb3 a2 48. Kxa2 Nxb4+ 49. Kb3 Nd3 50. Ba3
Bf2 51. Kc4 Nc5 1/2-1/2

[Event "4th Stage Russian Cup"]
[Site "Samara RUS"]
[Date "2002.07.27"]
[Round "2"]
[White "Khakimov,T"]
[Black "Kalinin,Michail"]
[Result "1/2-1/2"]
[WhiteElo "2132"]
[BlackElo "2303"]
[EventDate "2002.07.26"]

1. e4 e6 2. d4 d5 3. Nd2 Nf6 4. e5 Nfd7 5. Bd3 c5 6. c3 b6 7. Ne2 Ba6 8.
Bxa6 Nxa6 9. O-O g6 10. f4 h5 11. Nf3 Nc7 12. Be3 Qc8 13. g3 Qa6 14. Qd2
Be7 15. h3 Nb8 16. Kg2 Nc6 17. g4 Na5 18. b3 Nc6 19. Rfc1 Qa3 20. Qd3 Na5
21. Rcb1 Nc6 22. Rc1 Qa6 23. Qc2 Qb5 24. c4 Qa6 25. dxc5 bxc5 26. a3 Rb8
27. b4 cxb4 28. axb4 Nxb4 29. Qd2 Qc8 30. Rxa7 hxg4 31. hxg4 Ra8 32. cxd5
Rxa7 33. Bxa7 Nbxd5 34. Bc5 Bxc5 35. Rxc5 Qa6 36. Nc3 Qb6 37. Ne4 Kf8 38.
Kg3 Qb1 39. Rxc7 Qxe4 40. Rc8+ Kg7 41. Rxh8 Kxh8 42. Qd4 Qb1 43. Qg1 Qb3
44. Qd4 Kg8 45. Qe4 Ne3 46. Qa8+ Kg7 47. Qd8 Nf1+ 48. Kg2 Ne3+ 49. Kg3
1/2-1/2

[Event "4th Stage Russian Cup"]
[Site "Samara RUS"]
[Date "2002.07.28"]
[Round "3"]
[White "Kim,Se"]
[Black "Egorov,E"]
[Result "0-1"]
[WhiteElo "2268"]
[BlackElo "2444"]
[EventDate "2002.07.26"]

1. e4 e5 2. Nc3 Nf6 3. f4 d5 4. fxe5 Nxe4 5. d3 Nxc3 6. bxc3 d4 7. Nf3 dxc3
8. Be2 Be7 9. O-O Nc6 10. Qe1 Nd4 11. Bd1 Be6 12. Qxc3 c5 13. Be3 Nf5 14.
Bf2 O-O 15. a4 Rc8 16. a5 Qd7 17. Rb1 Rc7 18. Qe1 Qd5 19. Rb5 Bd7 20. Rb3
Re8 21. Qe4 Qxe4 22. dxe4 Nh6 23. h3 Bc6 24. Re1 Rd8 25. Rb1 Kf8 26. Kh2
Ng8 27. Bg3 Rcc8 28. Bf4 h6 29. h4 Ke8 30. Bg3 h5 31. e6 fxe6 32. Ne5 Nf6
33. Nxc6 bxc6 34. Rb7 Rd7 35. a6 Bd8 36. Be2 Bc7 37. e5 Ng4+ 38. Kh3 Bb8
39. Bd3 Rxb7 40. axb7 Rc7 41. Bg6+ Ke7 42. Bxh5 Nh6 43. Rb1 Rd7 44. Bf4 Rd4
45. Bg5+ Kd7 46. Bf3 Nf7 47. Be3 Rc4 48. Rd1+ Kc7 49. Bf2 Rxc2 50. Bg3 Rc3
51. Kh2 a5 52. Bh5 Nd8 53. Be8 Nxb7 54. Rd7+ Kb6 55. Bf7 Rxg3 56. Kxg3
Bxe5+ 57. Kh3 c4 58. Bxe6 Nc5 59. Re7 Bf6 60. Re8 Nxe6 61. Rxe6 c3 62. Re2
Kc5 63. g4 Kc4 64. g5 Bd4 0-1

[Event "4th Stage Russian Cup"]
[Site "Samara RUS"]
[Date "2002.07.28"]
[Round "3"]
[White "Kochetkov,Vic"]
[Black "Iljin,A"]
[Result "0-1"]
[WhiteElo "2161"]
[BlackElo "2450"]
[EventDate "2002.07.26"]

1. Nc3 d5 2. d4 e6 3. Nf3 Nf6 4. e3 c5 5. Be2 Nc6 6. Rg1 a6 7. a4 Bd6 8. g4
Ne4 9. Bd3 Ng5 10. dxc5 Nxf3+ 11. Qxf3 Bxc5 12. g5 Ne5 13. Qe2 f5 14. f4
Nc6 15. Bd2 O-O 16. Rg3 Qb6 17. Rh3 g6 18. Qf3 Rd8 19. Nd1 e5 20. Qg3 Qc7
21. c3 Be6 22. b4 Bd6 23. Nb2 d4 24. exd4 exd4 25. c4 Nxb4 26. Bxb4 Bxb4+
27. Kf1 Bc3 28. Rb1 Rac8 29. Qf2 Rd6 30. Nd1 Bxc4 31. Kg1 Re8 32. Qc2 Re1+
33. Kf2 Rde6 34. Bxc4 Qxc4 35. Kg3 Rg1+ 36. Kf3 Qd5+ 0-1

[Event "4th Stage Russian Cup"]
[Site "Samara RUS"]
[Date "2002.07.28"]
[Round "3"]
[White "Vaulin,A"]
[Black "Nikitin,An"]
[Result "1-0"]
[WhiteElo "2544"]
[BlackElo "2471"]
[EventDate "2002.07.26"]

1. c4 e6 2. g3 d5 3. Bg2 Nf6 4. Nf3 dxc4 5. Qc2 a6 6. Ne5 Nd5 7. Nxc4 b5 8.
Ne3 Nxe3 9. dxe3 Ra7 10. O-O c5 11. a4 Qb6 12. e4 Bd7 13. Be3 Nc6 14. Rc1
bxa4 15. Nc3 Nd4 16. Bxd4 cxd4 17. Nxa4 Qb4 18. e5 Be7 19. Bc6 O-O 20. Qc4
Rb8 21. Bxd7 Qxc4 22. Rxc4 Rxd7 23. Rd1 Rb4 24. Rxb4 Bxb4 25. Kg2 Rd5 26.
f4 f6 27. exf6 gxf6 28. Kf3 Kf7 29. Ke4 f5+ 30. Kd3 Be7 31. Nb6 Rd8 32. Ra1
Kg6 33. Nc4 Ra8 34. Ne5+ Kh5 35. Rc1 Bf6 36. Nd7 Bh8 37. Rc6 Re8 38. Rxa6
Kg4 39. b4 Re7 40. Rd6 e5 41. fxe5 Bxe5 42. Nxe5+ Rxe5 43. Rxd4+ Kh3 44.
Rh4+ Kg2 45. Rxh7 Re4 46. Rh4 1-0